000 00788nam a2200169 4500
008 240122b |||||||| |||| 00| 0 eng d
020 _a9789550249008
082 _a323.34
_bKOD
100 _aKodikara, Chulani
245 _a The struggle for equal political representation of women in Sri Lanka :
_b a stocktaking report for the Ministry of Child Development and Women's Empowerment and the United Nations Development Programme
260 _a [Colombo]:
_b[Ministry of Child Development and Women's Empowerment],
_c2009
300 _a xi, 178 p. ; 28 cm
_bBibliography included
650 _aPolitical participation -Sri Lanka
650 _aWomen Political activity- Sri Lanka
856 _uhttps://www.undp.org/sites/g/files/zskgke326/files/migration/lk/WPE-FINAL-PDF.pdf
942 _cRP
999 _c4671
_d4671